| 000 | 00391nam a2200169Ia 4500 | ||
|---|---|---|---|
| 008 | 210210b1927 xxu||||| |||| 00| 0 eng d | ||
| 041 | _aeng | ||
| 082 | _a822/52 | ||
| 100 | _aAVEBURY (Lord) | ||
| 245 | _aPeace and happiness | ||
| 260 |
_aLondon _bMacmillan & Co. Ltd. _c1927 |
||
| 650 | _aPeace | ||
| 650 | _ahappiness | ||
| 650 | _aand | ||
| 690 | _aEnglish Prose | ||
| 906 | _a012238 | ||
| 999 |
_c131021 _d131021 |
||